000 00292nam a2200145Ia 4500
100 _aUniversity of Mumbai
942 _cBK
654 _aCompendium
245 _aCompendium
260 _bUniversity
_aBombay
_c1994
082 _a378.07
300 _a728
546 _aENGLISH
999 _c32799
_d32799